00204nam a2200073Ia 4500008004100000082000800041100002000049245006100069240331s9999 xx 000 0 und d bIDE aThiruchandran,S 4aThe Ideological factori :bn the subordination of women